London Landmarks - Sudden Death - Statistics

General Stats
  • This quiz has been taken 234 times
    120 since last reset
  • The average score is 17 of 20
Answers on the Grid
Answers color-coded by a green-red scale on the quiz's grid according to % correct below.
10 Downing Street
Angkor Wat
Big Ben
Brandenburg Gate
Buckingham Palace
Colosseum
Forbidden City
Globe Theatre
Hollywood Sign
Hyde Park
Independence Hall
Ipanema Beach
Kensington Palace
King's Cross Station
London Eye
London Zoo
Louvre
Neuschwanstein Castle
Notre Dame Cathedral
Piccadilly Circus
Promenade des Anglais
Regent's Park
Rock of Gibraltar
Royal Albert Hall
Royal Observatory
Schönbrunn Palace
St. Basil's Cathedral
St. Paul's Cathedral
Statue of Liberty
Suez Canal
Sydney Opera House
The Shard
Tiananmen Square
Tower Bridge
Tower of London
Trafalgar Square
Verrazano Narrows Bridge
Washington Monument
Westminster Abbey
Westminster Palace
 
Answer Stats
Answer % Correct
Buckingham Palace
96%
Big Ben
94%
London Eye
94%
10 Downing Street
93%
London Zoo
92%
Hyde Park
89%
Tower of London
89%
Kensington Palace
87%
Tower Bridge
87%
Westminster Abbey
87%
Westminster Palace
87%
King's Cross Station
86%
Piccadilly Circus
84%
Royal Albert Hall
83%
Trafalgar Square
83%
Regent's Park
80%
St. Paul's Cathedral
80%
Globe Theatre
78%
Royal Observatory
77%
The Shard
77%
No matching quizzes found
Score Distribution
Percent of People with Each Score
Percentile by Number Answered
Your Score History
You have not taken this quiz since the last reset